00310nam a2200121Ia 4500100002800000650001900028366000700047654001900054245005600073260001700129082001700146546002500163 aChandra/A.M/ Ghosh/S.K  aREmote sensing f25 aremote sensing aRemote sensing and geographical information systems bNarosac2015 a621.367bCHA aENGLISHcelectronics